=LDR 00000nam 2200000 4500 =001 INLIS000000000005812 =005 20200319113253 =035 ##$$a 0010-061300000005812 =008 200319################g##########0#ind## =041 ##$$a Ind =082 ##$$a 240 =090 ##$$a 240, And s =100 ##$$a Andreas S =245 1#$$a 125 illustrasi rohani, Andreas S /$c Andreas S, T suharsono =300 ##$$a 146 hlm ; $c 12 x18 =650 #4$$a Agama Kristen =850 ##$$a NBPNMAT =084 ##$$a 240 AND s =250 ##$$a Cet. 1 =260 ##$$a Babdung :$b Lembaga literatur,$c 1995 =990 ##$$a DW00019629 =990 ##$$a 103. 236/Pro- 96